00737 2200181 4500001002100000005001500021035002000036245004900056100002500105250001700130300003200147260003500179082000800214084001400222020002200236650001800258505027900276INLIS00000000000091820250317102618 a0010-03250000141 aEmas Hijau dari Rawa /cLestari Ambar Suketi0 aLestari Ambar Suketi acetakan ke-1 aiv, 40 hlm :bilus ;c29 cm aJakarta :bGaneca Exact,c2006 a813 a813 LES e a978-979-744-486-4 4aCerita Pendek aBuku-buku yang bercerita tentang kehidupan, keuletan seorang anak manusia dalam menghadapi kehidupan di alam desa, dan tantangannya di wilayah-wilayah lain yang ada di Indonesia sehingga dapat memperkaya khasanah dan pemahaman budaya yang ada di berbagai tempat di tanah air